Optimización del Sistema de Recolección y Transporte de Residuos Sólidos en el Municipio de Guadalajara /

Sábháilte in:
Sonraí bibleagrafaíochta
Príomhchruthaitheoir: Rosa de Font-Réaulx, Francisco Javier de la (autor)
Rannpháirtithe: Osorio Lozano, Héctor Javier (autor) (autor)
Formáid: Tráchtas LEABHAR
Teanga:Spáinnis
Foilsithe / Cruthaithe: Guadalajara, México : edición de autor, 1986
Ábhair:
Clibeanna: Cuir clib leis
Níl clibeanna ann, Bí ar an gcéad duine le clib a chur leis an taifead seo!

MARC

LEADER 00000nam^a2200000^a^4500
001 000043712
005 20250521000000.0
009 20260310085825.27
037 |a Acervo ITESO - Biblioteca 
041 |a ESP 
090 |a IIN. 31 
100 |a Rosa de Font-Réaulx, Francisco Javier de la  |e (autor) 
245 1 0 |a Optimización del Sistema de Recolección y Transporte de Residuos Sólidos en el Municipio de Guadalajara /  |c J. de la Rosa de Font-Reaulx, H.J. Osorio Lozano. 
264 1 |a Guadalajara, México :  |b edición de autor,  |c 1986 
300 |a 134 p. 
336 |a texto  |b txt  |2 rdacontenido 
337 |a sin mediación  |b n  |2 rdamedio 
338 |a volumen  |b nc  |2 rdasoporte 
502 |a ITESO Tesis de Licenciatura en Ingeniería Industrial 
649 |a XX 
650 |a Ingeniería Industrial 
650 |a Basura 
700 |a Osorio Lozano, Héctor Javier  |e (autor) 
910 |a Fondo General 
920 |a Impresos - Tesis del ITESO 
930 |a Colección General 
905 |a 104 
901 |a T004700100  |b IT2  |c TSS  |i 800470  |u 20250521 
902 |a https://opac.biblio.iteso.mx/vufind/Record/000043712